000 01210nam0a22003131 4500
001 rc\2219976
005 20260405064926.0
035 _a(NLR Aleph) 006707283
090 _a5306043
_c5306043
100 _a20110829d1978 |||y0rusy50 ca
101 0 _arus
102 _aRU
105 _ay j |||||
200 1 _aРусское слово
_eУчебник для 10 кл. с латыш. яз. обучения
_f[Е.К. Францман, А.Б. Лапса, С.А. Богданова, Б.Ф. Инфантьев]
205 _a3-е изд.
210 _aРига
_cЗвайгзне
_d1978
215 _a144 с.
_d22
606 _aРусский язык
_jУчебники и пособия для нерусских школ
_2psbo
701 1 _8rus
_7ca
_aБогданова
_bС. А.
_cканд. пед. наук
_f1927-2008
_gСерафима Андреевна
_3RU\NLR\AUTH\7722882
_95937
701 1 _aИнфантьев
_bБ. Ф.
701 1 _aЛапса
_bА. Б.
701 1 _aФранцман
_bЕ. К.
_gЕлена Карловна
801 0 _aRU
_bNLR
_gpsbo
801 1 _aRU
_bELAR
_2rusmarc
852 _aNLR
_j78-5/2377
899 _aRuMoRGB
_jM 78-3/264
942 _cBOOK
980 _aNB